[Event "Klatovy op-B 23rd"]
[Site "Klatovy"]
[Date "2017.07.06"]
[Round "6"]
[White "Velkoborsky, Jan"]
[Black "Nandin, Erdene Davaadembere"]
[Result "0-1"]
[WhiteElo "1058"]
[BlackElo "1501"]
[PlyCount "76"]
[EventDate "2017.07.01"]
[EventType "swiss"]
[EventRounds "9"]
[EventCountry "CZE"]
[SourceTitle "EXT 2018"]
[Source "ChessBase"]
[SourceDate "2017.10.13"]
[SourceVersion "1"]
[SourceVersionDate "2017.10.13"]
[SourceQuality "1"]

1. e4 c5 2. Nf3 Nc6 3. Nc3 d6 4. Bc4 Nf6 5. 0-0 e6 6. d3 Be7 7. Bg5 0-0 8. Bxf6 Bxf6 9. d4 cxd4 10. Na4 a6 11. Bd3 b5 12. e5 Bxe5 13. Nxe5 Nxe5 14. Be4 d5 15. Nc5 dxe4 16. Nxe4 Bb7 17. Qe2 Qd5 18. f3 Rac8 19. c3 dxc3 20. bxc3 f5 21. Ng5 h6 22. Rad1 Qc5+ 23. Qf2 Qxf2+ 24. Rxf2 hxg5 25. f4 gxf4 26. Rxf4 Rxc3 27. Re1 Nd3 28. Re3 Nxf4 29. Rxc3 Ne2+ 30. Kh1 Nxc3 31. a3 Rd8 32. h3 e5 33. Kh2 e4 34. g4 e3 35. gxf5 e2 36. f6 gxf6 37. a4 e1Q 38. axb5 Rd2# 0-1

[Event "Klatovy op-B 23rd"]
[Site "Klatovy"]
[Date "2017.07.01"]
[Round "1"]
[White "Kubat, Zbynek"]
[Black "Velkoborsky, Jan"]
[Result "1-0"]
[WhiteElo "1682"]
[BlackElo "1058"]
[PlyCount "79"]
[EventDate "2017.07.01"]
[EventType "swiss"]
[EventRounds "9"]
[EventCountry "CZE"]
[SourceTitle "EXT 2018"]
[Source "ChessBase"]
[SourceDate "2017.10.13"]
[SourceVersion "1"]
[SourceVersionDate "2017.10.13"]
[SourceQuality "1"]

1. e4 e5 2. Nf3 Nc6 3. Bc4 Bc5 4. Nc3 Nf6 5. h3 d6 6. d3 0-0 7. Bg5 h6 8. Be3 Bxe3 9. fxe3 Na5 10. Nd2 Nxc4 11. Nxc4 Be6 12. Nd2 Qd7 13. d4 exd4 14. exd4 Rae8 15. 0-0 Qe7 16. Qf3 b6 17. Rae1 c6 18. d5 Bd7 19. a3 Qd8 20. Qg3 Re5 21. Nf3 Re7 22. Qxd6 Qe8 23. Qf4 cxd5 24. exd5 Rxe1 25. Rxe1 Qb8 26. Qxb8 Rxb8 27. Nd4 Re8 28. Rxe8+ Bxe8 29. Kf2 Kf8 30. Ndb5 Bxb5 31. Nxb5 a6 32. Nc7 a5 33. Ke3 Ke7 34. c4 Kd6 35. Nb5+ Kc5 36. Kd3 a4 37. Nc3 b5 38. Nxb5 Nd7 39. Nc3 Nb6 40. Ne4# 1-0

[Event "Klatovy op-B 22nd"]
[Site "Klatovy"]
[Date "2016.07.04"]
[Round "3"]
[White "Palla, Marek"]
[Black "Velkoborsky, Jan"]
[Result "1-0"]
[WhiteElo "1191"]
[BlackElo "1100"]
[PlyCount "53"]
[EventDate "2016.07.02"]
[EventType "swiss"]
[EventRounds "9"]
[EventCountry "CZE"]
[SourceTitle "EXT 2019"]
[Source "ChessBase"]
[SourceDate "2018.10.10"]
[SourceVersion "1"]
[SourceVersionDate "2018.10.10"]
[SourceQuality "1"]

1. e4 e5 2. Nf3 Nc6 3. d4 exd4 4. Nxd4 Nxd4 5. Qxd4 Nf6 6. e5 Ng8 7. Bc4 b6 8. Qd5 Qe7 9. Qxa8 Qxe5+ 10. Be2 Nf6 11. Qxc8+ Ke7 12. Qa6 Kd8 13. Qxa7 Bc5 14. Qa8+ Ke7 15. Qxh8 Qf5 16. 0-0 Bd6 17. Re1 Ne4 18. f3 Bc5+ 19. Kf1 Qf6 20. Bd3 Qd4 21. Rxe4+ Qxe4 22. Bxe4 d6 23. Bg5+ f6 24. Qxg7+ Ke6 25. Qxf6+ Kd7 26. Qe7+ Kc8 27. Qd8# 1-0